40 Najwiekszych miast w wojewodztwie śląskim - Statystyki

Ogólne statystyki
  • Ten quiz został rozwiązany 30 razy
  • Średni wynik to 28 z 40
Statystyki odpowiedzi
Populacja Miasto % Poprawnych
100 593 Chorzów
100%
279 190 Katowice
100%
205 969 Częstochowa
96%
130 887 Rybnik
96%
153 838 Zabrze
96%
165 766 Bielsko-Biała
93%
169 915 Gliwice
93%
122 045 Tychy
93%
147 759 Bytom
89%
71 280 Mysłowice
89%
130 302 Ruda Śląska
89%
187 115 Sosnowiec
89%
82 301 Jastrzębie-Zdrój
85%
63 401 Siemianowice Śląskie
85%
45 434 Świętochłowice
85%
113 460 Dąbrowa Górnicza
81%
86 812 Jaworzno
81%
61 321 Tarnowskie Góry
81%
61 774 Żory
81%
32 947 Cieszyn
78%
53 848 Będzin
74%
44 833 Wodzisław Śląski
74%
29 732 Żywiec
74%
51 707 Piekary Śląskie
70%
46 106 Zawiercie
70%
41 618 Mikołów
67%
49 650 Racibórz
67%
25 031 Pszczyna
63%
34 783 Czechowice-Dziedzice
59%
23 347 Lubliniec
59%
29 379 Myszków
52%
18 835 Bieruń
48%
35 619 Knurów
48%
29 876 Czeladź
44%
16 829 Radlin
41%
26 522 Czerwionka-Leszczyny
37%
21 986 Orzesze
33%
21 116 Łaziska Górne
30%
20 168 Rydułtowy
30%
17 236 Pyskowice
22%
Nie znaleziono quizów pasujących do podanych kryteriów
Rozkład punktacji
Procent ludzi z każdym wynikiem
Percentyl według liczby udzielonych odpowiedzi
Twoja historia wyników
Nie rozwiązałeś tego quizu